| 000 | 00573nam a2200169 a 4500 | ||
|---|---|---|---|
| 001 | 000026177 | ||
| 005 | 20200930024352.0 | ||
| 008 | 110223m20002002mx r 000 | spa d | ||
| 040 |
_aDO-SdBNP _bspa _cBNPHU |
||
| 082 |
_aNNN _bA6342 |
||
| 245 | 1 | 0 |
_aAntología de la poesía cósmica cubana / _cprólogo y análisis arquetípico de Fredo Arias de la Canal. |
| 260 |
_aMéxico, D. F. : _bFrente de Afirmación Hispanista, _c2000-2002. |
||
| 300 |
_av.3 : _bil., ; _c23 cm. |
||
| 500 | _aIncluye índice | ||
| 700 | 1 |
_aArias de la Canal, Fredo , _epról. _98096 |
|
| 049 | _aBNGR | ||
| 999 |
_c25669 _d25669 |
||